| 000 | 01435nam a22003137a 4500 | ||
|---|---|---|---|
| 001 | 6527 | ||
| 003 | FISKH | ||
| 005 | 20250508094843.0 | ||
| 008 | 250508b cb ||||| |||| 00| 0 eng d | ||
| 020 | _a9781407157481 | ||
| 040 |
_aSVP _cSVP _dDVA _dCSB _dDLC _beng |
||
| 050 | _aPZ7.S86037 S | ||
| 082 | _a813.54 | ||
| 100 | 1 |
_aStine, R. L. _d(1943-) |
|
| 245 | 1 | 0 |
_aStay out of the basement / _cR.L. Stine. |
| 250 | _aThis edition first published in 1992 | ||
| 260 |
_aNew York : _bScholastic, _c1992. |
||
| 300 |
_a122 pages : _c20 cm. |
||
| 490 | 1 |
_aGoosebumps ; _v#2 |
|
| 505 | _aP | ||
| 520 | _aGet Goosebumps with the startling repackage of a best selling classic. Now with bonus materials! "Dr. Brewer is doing a little plant-testing in his basement. Nothing to worry about. Harmless, really. But Margaret and Casey Brewer are worried about their father. Especially when they...meet...some of the plants he is growing down there. Then they notice that their father is developing plantlike tendencies. In fact, he is becoming distinctly weedy-and seedy. Is it just part of their father's ""harmless"" experiment? Or has the basement turned into another little shop of horrors?". | ||
| 521 |
_a600
_bLexile |
||
| 521 |
_aP
_bRaz-Plus |
||
| 650 | 1 |
_aHorror stories. _2Goosebumps |
|
| 650 | 1 |
_aSupernatural _2Fiction |
|
| 906 |
_a7 _bcbc _ccopycat _d2 _encip _f20 _gy-genrareb |
||
| 942 |
_2ddc _cBK _n0 |
||
| 999 |
_c6527 _d6527 |
||